000 00550nam a2200217 a 4500
001 0001-2040
003 ELIB.Books
008 190705 2010 eng
020 _aKBTS
092 _a249
_bBri
100 _aBriars, Mandy.
245 _aHomegroups: The Authentic Guide
260 _aWheaton
_bAuthentic Press
_c2006
300 _a168
_c20.5 Cm
650 _aHomegroups/ Caring
856 _nKBTS Library
_uKBTS Elib
942 _2ddc
_cBK
990 _a2
998 _aEnglishbooks.elf
_ccat
_e2019-07-05
999 _c12040
_d12040